Contratacin̤ estatal Manual ter̤ico-prc̀tico /

Detalles Bibliográficos
Autor principal: Rosero Melo, Bertha Cecilia
Formato: eBook
Lenguaje:español
Publicado: Bogot ̀: Ediciones de la U, 2012
Materias:
Acceso en línea:Acceso restringido

MARC

LEADER 00000nam a22000007a 4500
005 20120621170015.0
007 cr|||| ||||
008 120621s2012 co |||||s|||| 00||0 spa d
020 |a 978-958-8675-97-8 
035 |a 6284 
040 |a vLex 
090 |c 3225  |d 3225 
100 1 |a Rosero Melo, Bertha Cecilia 
245 1 0 |a Contratacin̤ estatal  |h [Recurso electrn̤ico] :  |b Manual ter̤ico-prc̀tico /  |c Bertha Cecilia Rosero Melo 
256 |a Servicio en ln̕ea 
260 |a Bogot ̀:  |b Ediciones de la U,  |c 2012 
300 |a 1 recurso electrn̤ico 
506 1 |a Contenido solo disponible en los productos indicados  |d vLex Global   |d vLex Global (Academic Edition, excluding Law Schools)   |d vLex Global (U.S. Academic Edition, Law Schools)   |d vLex Global (U.S. Academic Edition, excluding Law Schools)   |d vLex Global (Academic Edition, Law Schools)  
650 0 4 |a Licitaciones  |z Colombia 
650 0 4 |a Contratos administrativos  |z Colombia 
740 0 |a vLex Libros (Servicio en ln̕ea) 
856 4 0 |u http://vlex.com/source/contratacion-estatal-manual-6284  |z Acceso restringido 
942 |c BOOK 
999 0 |a Employee selection 
999 0 |a Public contracts